00134 a2200073 450000100060000010000050000624500200001126000290003147094 a aSurvival at Sea aNew YorkbAdlard Colesc